00297nam a2200121Ia 4500008004100000082001800041100001800059245002000077250000800097260003800105300001000143650002200153150201s2009 xx 000 0 und d a617.6bD2009G aGOWRI SHANKAR aDENTOPEDIA MCQS a1ST bPARAS PUBLISHINGaHYDERABADc2009 a1-600 aGENERAL DENTISTRY